| 000 | 00628nam a2200229Ia 4500 | ||
|---|---|---|---|
| 005 | 20241129115657.0 | ||
| 008 | 241129s9999||||xx |||||||||||||| ||und|| | ||
| 020 | _a9783642453083 | ||
| 037 | _aTB | ||
| 040 |
_aSDCL _beng _cSDCL |
||
| 041 |
_aeng _2eng |
||
| 084 |
_aD651:911 R1 _qSDCL |
||
| 100 |
_aMeyer-Baese Uwe _9469220 |
||
| 245 | 0 | _aDigital signal processing with field programmable gate arrays | |
| 250 | _a4th | ||
| 260 |
_aNew York _bSpringer _c2021 |
||
| 300 | _axxiii,930p. | ||
| 365 |
_aEUR _b94.99 |
||
| 650 | _aElectronic Science | ||
| 942 |
_cTB _hD651:911 R1 |
||
| 999 |
_c1231525 _d1231525 |
||